000 00629nam a2200229Ia 4500
003 GCL
008 140319s9999 xx 000 0 ara d
040 _aGCL /
_cGCL
082 0 4 _a327.11
_bع ا
245 1 0 _aازمة الخليج: حرب ام سلام
260 _a[S.N] :
_bمكتبة مدبولى
300 _a401 ص
490 _a
650 0 4 _aالكويت
650 0 4 _aالعالم العربى
650 0 4 _aالاحوال السياسية
650 0 4 _aالعراق
650 0 4 _aالعلاقات الخارجية
650 0 4 _aالدبلوماسية
650 0 4 _aحرب الخليج
942 _2ddc
_cBK
999 _c28719
_d28719